Search the Library Catalogue
| 000 -LEADER | |
|---|---|
| fixed length control field | 02020nam a2200205Ia 4500 |
| 008 - FIXED-LENGTH DATA ELEMENTS--GENERAL INFORMATION | |
| fixed length control field | 241212s9999 xx 000 0 und d |
| 020 ## - INTERNATIONAL STANDARD BOOK NUMBER | |
| ISBN | 9780749477974 |
| Paper back/Hardbound | pbk |
| 041 ## - LANGUAGE CODE | |
| Language code of text/sound track or separate title | eng |
| 082 ## - DEWEY DECIMAL CLASSIFICATION NUMBER | |
| Classification number | 658.47 |
| Item number | WHA |
| 100 ## - MAIN ENTRY--AUTHOR NAME | |
| Personal name | Whalley, Matthew |
| 245 #4 - TITLE STATEMENT | |
| Title | The Legal Risk Management Handbook: An International Guide To Protect Your Business From Legal Loss |
| Statement of responsibility, etc | / Matthew Whalley and Chris Guzelian |
| 260 ## - PUBLICATION, DISTRIBUTION, ETC. (IMPRINT) | |
| Name of publisher | Kogan Page Limited |
| Year of publication | 2017 |
| Place of publication | London |
| 300 ## - PHYSICAL DESCRIPTION | |
| Number of Pages | xiii, 217 p. |
| Other physical details | : ill. |
| Dimensions | ; 24 cm. |
| 504 ## - BIBLIOGRAPHY, ETC. NOTE | |
| Bibliography, etc | Includes bibliographies and index |
| 520 ## - SUMMARY, ETC. | |
| Summary, etc | Legal risk covers all areas of business where regulation and the law impact on operations and decisions. From risks arising from contract drafting and management, through to regulators' new focus on conduct, as well as compliance, regulatory and dispute risks, the effective management of legal risk is key for organizations that want to maximise value while minimizing cost and exposure to legal losses. The Legal Risk Management Handbook is a practical guide to making sure your business is legal, protected and making the most of its opportunities. Written by experts in law and risk management, this highly practical guide sets out a clear definition for legal risk and a framework for its management. Covering the full spectrum of legal risks that international businesses can face, it translates legal concepts into clear mitigatory actions. Whether you are an in-house lawyer needing a clear approach to managing risk in your areas of influence, or a member of the risk management function needing a jargon-free guide to your company's legal responsibilities, you will find authoritative insight and guidance. Containing case studies from international businesses and real-life insights from those at the coal-face of legal risk management, The Legal Risk Management Handbook is essential reading for everyone who needs a better understanding of this important business topic. |
| 650 ## - SUBJECT ADDED ENTRY--TOPICAL TERM | |
| Topical Term | Risk Management |
| 700 ## - ADDED ENTRY--PERSONAL NAME | |
| Personal name | Guzelian, Chris |
| 942 ## - ADDED ENTRY ELEMENTS (KOHA) | |
| Koha item type | Reference |
| Withdrawn status | Lost status | Damaged status | Not for loan | Home library | Current library | Shelving location | Date acquired | Cost, normal purchase price | Full call number | Accession Number | Price effective from | Koha item type |
|---|---|---|---|---|---|---|---|---|---|---|---|---|
| Anna Centenary Library | Anna Centenary Library | 6TH FLOOR, B WING | 02.08.2024 | 7027.82 | 658.47 WHA | 697507 | 12.12.2024 | Reference |